The epistolary form in writing mediation as a response to traumatic intrusion (notice n° 1529726)

détails MARC
000 -LEADER
fixed length control field 01486cam a2200157 4500500
005 - DATE AND TIME OF LATEST TRANSACTION
control field 20251012013544.0
041 ## - LANGUAGE CODE
Language code of text/sound track or separate title fre
042 ## - AUTHENTICATION CODE
Authentication code dc
100 10 - MAIN ENTRY--PERSONAL NAME
Personal name Jay, Emmanuelle
Relator term author
245 00 - TITLE STATEMENT
Title The epistolary form in writing mediation as a response to traumatic intrusion
260 ## - PUBLICATION, DISTRIBUTION, ETC.
Date of publication, distribution, etc. 2025.<br/>
500 ## - GENERAL NOTE
General note 85
520 ## - SUMMARY, ETC.
Summary, etc. The aim of this article is to describe the therapeutic effects of the epistolary form as a writing exercise for women who have been victims of sexual abuse, within the context of one-to-one art therapy/psychotherapy mediated by writing. It does this by drawing on the particular case of a young woman. Thanks to the subjectivity and bonding work involved in the writing of these imaginary letters, the patient was able to restore movement, creativity, and continuity right where time, pleasure, and the notion of meaning had come to a halt, lost and frozen by the trauma’s intrusion. The epistolary form has been shown to have an encompassing and stimulating therapeutic function in supporting victims of sexual abuse and, from there, in treating the traumatic intrusion. The poetic letter can be considered as a lyrical envelope enabling communication between two parts of the self: the one that can express distress and the part that seeks to care for that suffering.
786 0# - DATA SOURCE ENTRY
Note Psychothérapies | 45 | 2 | 2025-05-15 | p. 120-133 | 0251-737X
856 41 - ELECTRONIC LOCATION AND ACCESS
Uniform Resource Identifier <a href="https://shs.cairn.info/journal-psychotherapies-2025-2-page-120?lang=en&redirect-ssocas=7080">https://shs.cairn.info/journal-psychotherapies-2025-2-page-120?lang=en&redirect-ssocas=7080</a>

Pas d'exemplaire disponible.

PLUDOC

PLUDOC est la plateforme unique et centralisée de gestion des bibliothèques physiques et numériques de Guinée administré par le CEDUST. Elle est la plus grande base de données de ressources documentaires pour les Étudiants, Enseignants chercheurs et Chercheurs de Guinée.

Adresse

627 919 101/664 919 101

25 boulevard du commerce
Kaloum, Conakry, Guinée

Réseaux sociaux

Powered by Netsen Group @ 2025